LIBRARY & INFORMATION CENTRE, KCAET, TAVANUR

ONLINE PUBLIC ACCESS CATALOGUE (OPAC)

Oxford illustrated Dictionary / (Record no. 10844)

MARC details
000 -LEADER
fixed length control field 00395cam a2200145ua 4500
082 ## - DEWEY DECIMAL CLASSIFICATION NUMBER
Classification number 028.73423
Item number COU/OX
100 ## - MAIN ENTRY--AUTHOR NAME
Personal name Coulson, J .
245 00 - TITLE STATEMENT
Title Oxford illustrated Dictionary /
260 ## - PUBLICATION, DISTRIBUTION, ETC. (IMPRINT)
Place of publication London :
Name of publisher Oxford University Press ,
Year of publication 1963.
300 ## - PHYSICAL DESCRIPTION
Number of Pages 974 ; .
700 1# - ADDED ENTRY--PERSONAL NAME
Personal name Carr, C.T .
700 1# - ADDED ENTRY--PERSONAL NAME
Personal name Eagle, Dorothy .
700 1# - ADDED ENTRY--PERSONAL NAME
Personal name Hutchinson, Lucy .
942 ## - ADDED ENTRY ELEMENTS (KOHA)
Koha item type Books
Holdings
Withdrawn status Lost status Damaged status Home library Current library Date acquired Full call number Accession Number Koha item type
      KAUAET KAUAET 07/04/2012 028.73423 5016 Reference
      KAUAET KAUAET 07/04/2012 028.73423 4770 Reference
free website counter